Understanding history : (Record no. 44441)
[ view plain ]
| 000 -LEADER | |
|---|---|
| fixed length control field | 00745cam a2200253I 4500 |
| 001 - CONTROL NUMBER | |
| control field | 251034 |
| 005 - DATE AND TIME OF LATEST TRANSACTION | |
| control field | 20181023095348.0 |
| 008 - FIXED-LENGTH DATA ELEMENTS--GENERAL INFORMATION | |
| fixed length control field | 840520s1950 nyu 0 0 eng |
| 010 ## - LIBRARY OF CONGRESS CONTROL NUMBER | |
| LC control number | 50010475 |
| 035 ## - SYSTEM CONTROL NUMBER | |
| System control number | (OCoLC)361470 |
| 040 ## - CATALOGING SOURCE | |
| Original cataloging agency | DLC |
| Transcribing agency | WBU |
| Modifying agency | SER |
| -- | KAT |
| 049 ## - LOCAL HOLDINGS (OCLC) | |
| Holding library | KATT |
| 100 1# - MAIN ENTRY--PERSONAL NAME | |
| Personal name | Gottschalk, Louis Reichenthal, |
| Dates associated with a name | 1899-1975. |
| 245 10 - TITLE STATEMENT | |
| Title | Understanding history : |
| Remainder of title | a primer of historical method / |
| Statement of responsibility, etc | Louis Gottschalk. |
| 250 ## - EDITION STATEMENT | |
| Edition statement | [1st ed.] |
| 260 ## - PUBLICATION, DISTRIBUTION, ETC. (IMPRINT) | |
| Place of publication, distribution, etc | New York : |
| Name of publisher, distributor, etc | Knopf, |
| Date of publication, distribution, etc | 1950. |
| 300 ## - PHYSICAL DESCRIPTION | |
| Extent | xix, 290, vi p. ; |
| Dimensions | 20 cm. |
| 336 ## - CONTENT TYPE | |
| Content Type Term | text |
| 337 ## - MEDIA TYPE | |
| Media Type Term | unmediated |
| 338 ## - CARRIER TYPE | |
| Carrier Type Term | volume |
| 650 #0 - SUBJECT ADDED ENTRY--TOPICAL TERM | |
| Topical term or geographic name as entry element | Historiography. |
| 942 ## - ADDED ENTRY ELEMENTS (KOHA) | |
| Source of classification or shelving scheme | Library of Congress Classification |
| Item type | Books |
| Withdrawn status | Lost status | Source of classification or shelving scheme | Damaged status | Not for loan | Home library | Current library | Shelving location | Date acquired | Source of acquisition | Inventory number | Total Checkouts | Full call number | Barcode | Date last seen | Price effective from | Koha item type |
|---|---|---|---|---|---|---|---|---|---|---|---|---|---|---|---|---|
| Library of Congress Classification | BSOP Library | BSOP Library | David Weisberg Collection | 10/23/2018 | Donated by Dr. David and Oprah Weisberg | 44038 | D13 G71 1950 | 00055038 | 10/23/2018 | 10/23/2018 | Books |
